Physiology. (3rd ed.) (Record no. 32385)

MARC details
000 -LEADER
fixed length control field 00620nam a2200169 a 4500
008 - FIXED-LENGTH DATA ELEMENTS--GENERAL INFORMATION
fixed length control field 150824s1993 ||||||||||||||||| || u
020 ## - INTERNATIONAL STANDARD BOOK NUMBER
International Standard Book Number 9780801664656
050 ## - LIBRARY OF CONGRESS CALL NUMBER
Classification number QP 34.5 Phy
100 ## - MAIN ENTRY--PERSONAL NAME
Personal name Berne, Robert M
245 10 - TITLE STATEMENT
Title Physiology. (3rd ed.)
Statement of responsibility, etc. edited by Robert M. Berne and Matthew N. Levy
250 ## - EDITION STATEMENT
Edition statement 3rd ed.
260 ## - PUBLICATION, DISTRIBUTION, ETC.
Place of publication, distribution, etc. St. Louis
Name of publisher, distributor, etc. Mosby
Date of publication, distribution, etc. 1993
300 ## - PHYSICAL DESCRIPTION
Extent xiv, 1071p. :ill.
350 ## -
-- 0.71
650 ## - SUBJECT ADDED ENTRY--TOPICAL TERM
Topical term or geographic name entry element PHYSIOLOGY
995 ## -
-- MICHAEL CHILUFYA SATA OPEN ACCESS
-- 903072
-- CBU-SCHOOL OF MEDICINE LIBRARY (Ndola)
-- 0.71
-- QP 34.5 Phy
-- 1
-- AVAILABLE
-- Sep 7, 2015
-- 903072
-- Medical Library Open Access Collection
999 ## -
-- 32385
-- 32385
Holdings
Withdrawn status Lost status Source of classification or shelving scheme Damaged status Not for loan Permanent Location Current Location Shelving location Date acquired Total Checkouts Full call number Barcode Date last seen Date last checked out Price effective from Koha item type
          CBU-SCHOOL OF MEDICINE LIBRARY, NDOLA. CBU-SCHOOL OF MEDICINE LIBRARY, NDOLA.   11/30/2022 2 QP 34.5 Phy 903072 05/05/2025 04/25/2025 11/30/2022 MONOGRAPH